000 00622nam a2200229Ia 4500
003 OSt
005 20220925184618.0
006 a|||||r|||| 00| 0
007 ta
008 220923b |||||||| |||| 00| 0 eng d
037 _cGeneral Book
040 _aRTL
_cRTL
_beng
041 _2eng
_aeng
082 _aX;8HW.2.N77r, L7
110 _aNAGRI MILLS COMPANY LIMITED
245 0 _aAnnual report,1977-81.
260 _aAhmedabad
_bNagri Mills Co.
_c1981
300 _a45p.
_ccm.
700 _aNAGRI MILLS COMPANY LIMITED
942 _hX;8HW.2.N77r, L7
_cGB
_2CC
999 _c508287
_d508287